|
|
|
|
| LEADER |
00000cam a2200000 i 4500 |
| 001 |
1/13053 |
| 008 |
971212s1925 gre d |
| 035 |
|
|
|1 ΠΑΡ
|a 1997
|l 10018883
|
| 040 |
|
|
|a GR-MY-UA
|b gre
|e aacr
|
| 041 |
0 |
|
|a gre
|
| 082 |
0 |
|
|a 938.726
|
| 100 |
1 |
|
|a Στρατηγός, Ξενοφώντας.
|
| 245 |
1 |
2 |
|a Η Ελλάς εν μικρά Ασία :
|b ιστορική επισκόπησις : επί τη βάσει επισήμων εγγράφων και πηγών /
|c Ξ. Στρατηγού
|
| 260 |
|
|
|a Αθήναι :
|b [χ.ε.],
|c 1925
|
| 300 |
|
|
|a 422 σ.
|
| 650 |
0 |
0 |
|a Greco-Turkish War, 1921-1922.
|
| 651 |
|
0 |
|a Turkey
|x History.
|
| 852 |
|
|
|a INST
|b LESVOS
|e 19971212
|h 938.726 ΣΤΡ
|p 005100015409
|q 005100015409
|t BK
|y 0
|
| 901 |
|
|
|a BIBL1-2000-2
|
| 909 |
|
|
|a Λ
|b 043868
|
| 970 |
|
|
|z 2000/05/ΜΙΧΑΗΛΙΔΟΥ ΑΝΝΑ
|